Vplyv daňovej etiky na efektívnosť výberu daní z pohľadu audítora

Etika z profesijného pohľadu. Kódex IFAC a štandard ISA. Etický kódex audítorov. Etický kódex daňových poradcov. Daňová optimalizácia. Využitie legálnych a nelegálnych daňových únikov s využitím daňových rajov. Slovenské spoločnosti a daňové raje. Počet spoločností v daňovo zvýhodnených štátoch. Poč...

Ausführliche Beschreibung

Gespeichert in:
Bibliographische Detailangaben
1. Verfasser: Kováčik, Michal, 1983-
Format: Buchkapitel
Sprache:Slowakisch
Schlagworte:
Tags: Tag hinzufügen
Keine Tags, Fügen Sie das erste Tag hinzu!

MARC

LEADER 00000naa$a2200000$$$4500
001 0242441
005 20240502073937.1
041 0 |a slo 
044 |a SK 
245 1 0 |a Vplyv daňovej etiky na efektívnosť výberu daní z pohľadu audítora  |c Michal Kováčik 
520 |a Etika z profesijného pohľadu. Kódex IFAC a štandard ISA. Etický kódex audítorov. Etický kódex daňových poradcov. Daňová optimalizácia. Využitie legálnych a nelegálnych daňových únikov s využitím daňových rajov. Slovenské spoločnosti a daňové raje. Počet spoločností v daňovo zvýhodnených štátoch. Počet spoločností daného odvetvia v daňovo zvýhodnených štátoch. 
610 2 0 |a audit 
610 2 0 |a audítori 
610 2 0 |a etika 
610 2 0 |a raje daňové 
610 2 0 |a spoločnosti 
610 2 0 |a poradcovia daňoví 
610 2 0 |a kódexy etické 
610 2 0 |a únik daňový 
100 1 |a Kováčik, Michal, 1983-